|
|
|
|
| LEADER |
00000nam0a2200000 4500 |
| 001 |
120898 |
| 005 |
20250225063228.0 |
| 035 |
|
|
|a (RuTPU)RU\TPU\book\130910
|
| 035 |
|
|
|a RU\TPU\book\143867
|
| 090 |
|
|
|a 120898
|
| 100 |
|
|
|a 20080307d1973 k y0rusy50 ca
|
| 101 |
0 |
|
|a rus
|
| 102 |
|
|
|a RU
|
| 105 |
|
|
|a a dm 001zy
|
| 200 |
1 |
|
|a Исследование мембранных ртутных электродов и возможность их примененения
|e автореферат диссертации на соискание ученой степени кандидата химических наук
|e спец. 02.00.04
|f Л. М. Максимкина
|g Томский государственный университет ; науч. рук. В. А. Иголинский, А. Г. Стромберг
|
| 210 |
|
|
|a Томск
|c [Б. и.]
|d 1973
|
| 215 |
|
|
|a 16 с.
|c ил.
|
| 300 |
|
|
|a Защита сост. 1.06.1973 г.
|
| 320 |
|
|
|a Библиогр.: с. 15 (6 назв.)
|
| 606 |
1 |
|
|a Электроды мембранные
|2 stltpush
|3 (RuTPU)RU\TPU\subj\19969
|9 45123
|
| 610 |
1 |
|
|a ртутные электроды
|
| 610 |
1 |
|
|a амальгамы
|
| 610 |
1 |
|
|a металлы
|
| 610 |
1 |
|
|a биполярные электроды
|
| 610 |
1 |
|
|a равновесные состояния
|
| 610 |
1 |
|
|a импульсы
|
| 610 |
1 |
|
|a кадмий
|
| 610 |
1 |
|
|a свинец
|
| 610 |
1 |
|
|a цинк
|
| 610 |
1 |
|
|a медь
|
| 610 |
1 |
|
|a изучение
|
| 610 |
1 |
|
|a эксперименты
|
| 610 |
1 |
|
|a авторефераты диссертаций
|
| 610 |
1 |
|
|a труды учёных ТПУ
|
| 675 |
|
|
|a 544.6.076.32(04)
|v 4
|
| 686 |
|
|
|a 02.00.04
|2 oksvnk
|
| 700 |
|
1 |
|a Максимкина
|b Л. М.
|g Лидия Максимовна
|
| 702 |
|
1 |
|a Иголинский
|b В. А.
|4 727
|
| 702 |
|
1 |
|a Стромберг
|b А. Г.
|c химик, специалист в области классической полярографии и инверсионной вольтамперометрии
|c профессор Томского политехнического института
|f 1910-2004
|g Армин Генрихович
|3 (RuTPU)RU\TPU\pers\11188
|4 727
|9 2478
|
| 712 |
0 |
2 |
|a Томский государственный университет
|c 1917-2009
|7 ca
|8 rus
|3 (RuTPU)RU\TPU\col\397
|9 23396
|
| 801 |
|
1 |
|a RU
|b 63413507
|c 20070905
|g PSBO
|
| 801 |
|
2 |
|a RU
|b 63413507
|c 20201117
|g PSBO
|
| 942 |
|
|
|c BK
|